Представление документа в формате RUSMARC

ПолеНазваниеЗначение
  Тип записи a
  Библиографический уровень m
001 Контрольный номер UONB/MAIN/75644100769d441cad356d4be4450306
005 Дата корректировки 20240818170407.3
010 Индекс ISBN __
d Цена 50 к.
9 Тираж 500 экз.
100 Данные общей обработки __
a Данные общей обработки 20240818d1988 k y0rusy0189## ca
101 Язык документа 0_
a Язык текста rus
102 Страна публикации __
a Страна публикации GE
105 Кодированные данные (монография) __
a Кодированные данные (монография) a z 001yy
200 Заглавие и сведения об ответственности 1_
a Заглавие Процессы литья и непрерывной разливки металлов
e Сведения, относящиеся к заглавию сб. статей
f Первые сведения об ответственности Акад. наук Груз. ССР, Ин-т металлургии им. 50-летия СССР
g Последующие сведения об ответственности ред. Н.Л. Хуцишвили
210 Выходные данные 1_
a Место издания Тбилиси
c Издательство Мецниереба
d Дата издания 1988
215 Физическое описание __
a Объем 128 с.
c Иллюстрации/тип воспроизводства ил.
d Формат 22 см
320 Библиография __
a Библиография Библиогр. в конце ст.
606 Тематические рубрики 0_
a Основная рубрика Литейное производство
j Формальный подзаголовок Сборники
610 Ключевые слова 0_
a Ключевые слова литейное производство; литье; процессы литья; разливка металлов непрерывная
675 Индекс УДК __
a Индекс УДК 6П4.1(06)
686 Индексы других классификаций __
a Классификационный индекс 34.61
2 Код системы rubbk
702 Вторичная интеллектуальная ответственность _1
a Фамилия Хуцишвили
b Имя (инициалы) Н.Л.
4 Код отношения 340
801 Источник записи _0
a Страна RU
b Организация Ульяновская ОНБ
c Дата составления 20240818
g Правила каталогизации RCR
801 Источник записи _1
a Страна RU
b Организация Ульяновская ОНБ
c Дата составления 20240818
g Правила каталогизации RCR
901 Тип документа __
t Тип документа m
909 Создатель записи __
a Создатель записи Богданова
b Дата создания записи 20240818